| 000 | 00711nam a22002057a 4500 | ||
|---|---|---|---|
| 999 |
_c61642 _d61642 |
||
| 005 | 20240404154432.0 | ||
| 008 | 240404s2007 enk||||| |||| 00| 0 eng d | ||
| 020 | _a9780123694928x | ||
| 041 | _aeng | ||
| 080 | _a614 F-75 | ||
| 100 |
_aForthofer, Ronald _921713 |
||
| 245 |
_aBiostatistics: _bA Guide to Design, Analysis and Discovery / _cRonald Forthofer, Eun Sul Lee, Mike Hernandez. _h |
||
| 264 |
_aAmsterdam : _bElsevier, _c2007. |
||
| 300 |
_a502 p.; _b27 cm. |
||
| 653 | _aბიოსტატისტიკა | ||
| 653 | _aმედიცინა | ||
| 700 |
_aEun Sul Lee, _eავტორი _921714 |
||
| 700 |
_aMike Hernandez. _eავტორი _921715 |
||
| 942 |
_2udc _cᲬᲘᲒᲜᲘ |
||